Battling corruption : (Record no. 79354)

MARC details
000 -LEADER
fixed length control field 00987nam a22002537a 4500
005 - DATE AND TIME OF LATEST TRANSACTION
control field 20140214145904.0
010 ## - LCCN (DPL NO)
LC control number ENG-108532
020 ## - INTERNATIONAL STANDARD BOOK NUMBER
International Standard Book Number 9780198085003
Terms of availability 825.00
035 ## - SYSTEM CONTROL NUMBER
System control number EN-92065
037 ## - SOURCE OF ACQUISITION
Source of stock number/acquisition DBAD/PUB
082 ## - DEWEY DECIMAL CLASSIFICATION NUMBER
Classification number 331.10954
100 ## - MAIN ENTRY--PERSONAL NAME
Personal name Shankar, Shylashri
245 ## - TITLE STATEMENT
Title Battling corruption :
Remainder of title has NREGA reached india's rural poor ? /
Statement of responsibility, etc by Shylashri Shankar [and] Raghav Gaiha
246 ## - VARYING FORM OF TITLE
Remainder of title Corruption : has NREGA reached India’s rural poor?
260 ## - PUBLICATION, DISTRIBUTION, ETC. (IMPRINT)
Place of publication, distribution, etc New Delhi
Name of publisher, distributor, etc Oxford University Press
Date of publication, distribution, etc 2013
270 ## - ADDRESS
Address YMCA Library Building, 1 Jai Singh Road
City New Delhi
Postal code 110001
300 ## - PHYSICAL DESCRIPTION
Extent xiv, 272p. :
Other physical details ill.
Dimensions 22cm (Hb)
500 ## - GENERAL NOTE
General note Includes bibliographical references (pages 247-259) and index.
610 ## - SUBJECT ADDED ENTRY--CORPORATE NAME
Corporate name or jurisdiction name as entry element National Rural Employment Guarantee Scheme (India)
General subdivision Corrupt practices.
650 ## - SUBJECT ADDED ENTRY--TOPICAL TERM
Topical term or geographic name as entry element Manpower policy, Rural
Geographic subdivision India.
650 ## - SUBJECT ADDED ENTRY--TOPICAL TERM
Topical term or geographic name as entry element Guaranteed annual income
Geographic subdivision India.
700 ## - ADDED ENTRY--PERSONAL NAME
Personal name Gaiha, Raghav
942 ## - ADDED ENTRY ELEMENTS (KOHA)
Source of classification or shelving scheme Dewey Decimal Classification
Item type English Books
Classification part 331.10954
Call number suffix SHA
Holdings
Withdrawn status Lost status Not for loan Collection code Home library Current library Date acquired Source of acquisition Cost, normal purchase price Full call number Barcode Copy number Cost, replacement price Koha item type
    Not For Loan Non-fiction D.B.Act.Division D.B.Act.Division 13/09/2013 DBAD/PUB 825.00 331.10954 SHA EN-92065 1 825.00 English Books

© Delhi Public Library
Hit Counter
free hit counter